Alaskan Islands Map Quiz - Statistics

General Stats
  • This quiz has been taken 408 times
  • The average score is 4 of 10
Answers on the Map
Answers color-coded by a green-red scale on the quiz's map according to % correct below.
 
Answer Stats
Answer % Correct
Kodiak
82%
Unalaska
58%
Prince of Wales
55%
Unimak
43%
Baranof
41%
Admiralty
39%
Revillagigedo
36%
Chichagof
32%
Afognak
28%
Umnak
28%
No matching quizzes found
Score Distribution
Percent of People with Each Score
Percentile by Number Answered
Your Score History
You have not taken this quiz